The theory of groups (Record no. 543667)
[ view plain ]
| 000 -LEADER | |
|---|---|
| fixed length control field | 00441cam a22001571 4500 |
| 020 ## - INTERNATIONAL STANDARD BOOK NUMBER | |
| International Standard Book Number | 0198531370 |
| 082 00 - DEWEY DECIMAL CLASSIFICATION NUMBER | |
| Classification number | 512.2 |
| Author Mark | MAC |
| -- | L-2, P-78 |
| 100 1# - MAIN ENTRY--PERSONAL NAME | |
| Personal name | Macdonald, Ian D. |
| 9 (RLIN) | 39121 |
| 245 14 - TITLE STATEMENT | |
| Title | The theory of groups |
| Statement of responsibility, etc. | [by] Ian D. Macdonald. |
| 260 ## - PUBLICATION, DISTRIBUTION, ETC. | |
| Place of publication, distribution, etc. | Oxford, |
| Name of publisher, distributor, etc. | Clarendon P., |
| Date of publication, distribution, etc. | 1968. |
| 300 ## - PHYSICAL DESCRIPTION | |
| Extent | vii, 254 p. |
| Dimensions | 23 cm. |
| 526 ## - STUDY PROGRAM INFORMATION NOTE | |
| Program name | 0 |
| Interest level | 0 |
| Reading level | 0 |
| Title point value | 512_200000000000000_MAC |
| 650 #0 - SUBJECT ADDED ENTRY--TOPICAL TERM | |
| Topical term or geographic name entry element | Group theory. |
| 9 (RLIN) | 10310 |
| 650 #0 - SUBJECT ADDED ENTRY--TOPICAL TERM | |
| Topical term or geographic name entry element | MCE |
| 9 (RLIN) | 379 |
| 942 ## - ADDED ENTRY ELEMENTS (KOHA) | |
| Source of classification or shelving scheme | |
| Koha item type | Book |
| Withdrawn status | Lost status | Source of classification or shelving scheme | Damaged status | Not for loan | Permanent Location | Current Location | Date acquired | Total Checkouts | Full call number | Barcode | Date last seen | Price effective from | Koha item type |
|---|---|---|---|---|---|---|---|---|---|---|---|---|---|
| Military College of Engineering (MCE) | Military College of Engineering (MCE) | 03/28/2014 | 512.2 MAC | MCE-11552 | 03/28/2014 | 03/28/2014 | Book |
